|
|
|
|
| LEADER |
01056cas#a2200241#a#4500 |
| 001 |
016687 |
| 005 |
20160923115316.0 |
| 008 |
021126c1999####ag####p#############spa#d |
| 022 |
|
|
|a 1515-3029
|
| 040 |
|
|
|a AR-beUNQ
|
| 099 |
|
|
|a P-AR-SOC4
|
| 110 |
2 |
|
|a Universidad de Buenos Aires. Facultad de Ciencias SocialesUniversidad Nacional de Rosario. Facultad de Ciencias Políticas y Relaciones internacionalesFacultad Latinoamericana de Ciencias Sociales, Sede Argentina
|
| 245 |
0 |
0 |
|a Socialis (Rosario)
|c Universidad de Buenos Aires. Facultad de Ciencias SocialesUniversidad Nacional de Rosario. Facultad de Ciencias Políticas y Relaciones internacionalesFacultad Latinoamericana de Ciencias Sociales, Sede Argentina.
|
| 260 |
|
|
|a Rosario :
|b Homo Sapiens Ediciones,
|
| 300 |
|
|
|a v.
|
| 310 |
|
|
|a semestral
|
| 650 |
|
7 |
|a Sociología Política
|2 Spines
|
| 650 |
|
7 |
|a Política
|2 Spines
|
| 650 |
|
7 |
|a Sociología
|2 Spines
|
| 650 |
|
7 |
|a Investigación
|2 Spines
|
| 866 |
0 |
|
|a 1999 (1); 2000 (2-3); 2001 (4-5); 2002 (6); 2003 (7)
|
| 929 |
|
|
|j 32794
|
| 999 |
|
|
|c 27338
|d 110144
|